Расчет электрических элементов измерительных приборов: справочное пособие

التفاصيل البيبلوغرافية
المؤلف الرئيسي: Пятин Ю. М. Юрий Михайлович
اللغة:الروسية
منشور في: Москва, Машиностроение, 1965
الموضوعات:
التنسيق: MixedMaterials كتاب
KOHA link:https://koha.lib.tpu.ru/cgi-bin/koha/opac-detail.pl?biblionumber=91960

MARC

LEADER 00000nam0a2200000 4500
001 91960
005 20231031104406.0
035 |a (RuTPU)RU\TPU\book\98552 
090 |a 91960 
100 |a 20060303d1965 km y0rusy50 ca 
101 0 |a rus 
102 |a RU 
105 |a a g 001zy 
200 1 |a Расчет электрических элементов измерительных приборов  |e справочное пособие  |f Ю. М. Пятин  
210 |a Москва  |c Машиностроение  |d 1965 
215 |a 199 с.  |c ил. 
320 |a Библиогр.: с. 197. 
610 1 |a электроизмерительные приборы 
610 1 |a расчет 
610 1 |a электрические элементы 
610 1 |a справочные пособия 
610 1 |a проектирование 
610 1 |a измерительные цепи 
610 1 |a магнитные элементы 
610 1 |a неэлектрические величины 
675 |a 621.317.7(035)  |v 3 
700 1 |a Пятин  |b Ю. М.  |g Юрий Михайлович 
801 1 |a RU  |b 63413507  |c 20060303  |g PSBO 
801 2 |a RU  |b 63413507  |c 20151002  |g PSBO 
942 |c BK